000
00313nam a2200121Ia 4500
008
240624s9999 xx 000 0 und d
041
_a
eng
082
_a
332.6457 VAR
100
_a
VARMA JAYANTH RAMA
245
_a
DERIVATIVES AND RISK MANAGEMENT
260
_c
2013
_a
New Delhi
_b
Tata McGraw-Hill
365
_c
RS
_b
33
999
_c
25999
_d
25999